| 000 | 00558nam a2200193Ia 4500 | ||
|---|---|---|---|
| 003 | GCL | ||
| 008 | 140319s9999 xx 000 0 ara d | ||
| 040 |
_aGCL / _cGCL |
||
| 082 | 0 | 4 |
_a210.92 _bع ن |
| 100 | 1 | _aعبدالعزيز الشناوى | |
| 245 | 1 | 0 |
_aنساء اهل الجنة / _cعبدالعزيز الشناوى |
| 260 |
_a[S.N] : _bمكتبة التراث الاسلامى ، _c1990 |
||
| 300 | _a200 ص | ||
| 490 | _a | ||
| 650 | 0 | 4 | _aالدين الاسلامى |
| 650 | 0 | 4 | _aالتراجم |
| 650 | 0 | 4 | _aالنساء |
| 942 |
_2ddc _cBK |
||
| 999 |
_c53921 _d53921 |
||